Capitals of the Stans - Statistics

General Stats
  • This quiz has been taken 23 times
  • The average score is 6 of 7
Answer Stats
Country Capital % Correct
Afghanistan Kabul
100%
Pakistan Islamabad
94%
Kazakhstan Nur-Sultan
83%
Kyrgyzstan Bishkek
78%
Turkmenistan Ashgabat
72%
Uzbekistan Tashkent
67%
Tajikistan Dushanbe
61%
No matching quizzes found
Score Distribution
Percent of People with Each Score
Percentile by Number Answered
Your Score History
You have not taken this quiz